| 000 | 00497 a2200193 4500 | ||
|---|---|---|---|
| 005 | 20260319101103.0 | ||
| 008 | 260318b |||||||| |||| 00| 0 eng d | ||
| 020 |
_a9781041195351 _cRs. 1595.00 |
||
| 040 | _aMAIN | ||
| 082 |
_a329.54 _bC459L |
||
| 100 | _aChowdhuri, Satyabrata Rai | ||
| 245 | _aLeftism in India 1917–1947 | ||
| 260 |
_bRoutledge _c2026 _aAbingdon |
||
| 300 | _axx, 283 | ||
| 650 | _aSocialism | ||
| 650 | _aPolitical Science | ||
| 650 | _aIndian Politics | ||
| 942 | _cBK | ||
| 999 |
_c395333 _d395333 |
||